[Event "IV RUS-CHN Match"]
[Site "Nizhniy Novgorod RUS"]
[Date "2007.08.26"]
[Round "6"]
[White "Alekseev, Evgeny"]
[Black "Zhang Pengxiang"]
[Result "1-0"]
[WhiteElo "2689"]
[BlackElo "2649"]
[PlyCount "33"]
[EventDate "2007.08.20"]
[Source "www.chesslib.no"]
[SourceDate "2004.05.04"]

1. d4 d5 2. Nf3 c6 3. c4 dxc4 4. e3 Be6 5. Nc3 Nf6 6. Ng5 Qc8 7. a4 a5 8. e4 h6 9. Nxe6 Qxe6 10. e5 Nbd7 11. Be2 Nd5 12. O-O N7b6 13. Bg4 Qg6 14. e6 Nf6 15. Bh3 Qd3 16. Qe1 O-O-O 17. Qe5 1-0

[Event "Cap d'Agde KO"]
[Site "Cap d'Agde"]
[Date "1998.10.28"]
[Round "1.4"]
[White "Karpov, Anatoly"]
[Black "Adianto, Utut"]
[Result "1/2-1/2"]
[WhiteElo "2725"]
[BlackElo "2610"]
[PlyCount "102"]
[EventDate "1998.10.??"]
[Source "www.chesslib.no"]
[SourceDate "2004.05.04"]

1. d4 d5 2. Nf3 Nf6 3. c4 dxc4 4. e3 a6 5. Bxc4 b5 6. Bd3 Bb7 7. a4 b4 8. Nbd2 e6 9. Qe2 c5 10. dxc5 Bxc5 11. Nb3 Nbd7 12. e4 Bb6 13. a5 Ba7 14. Be3 Bxe3 15. Qxe3 O-O 16. O-O Qb8 17. Rac1 Ne5 18. Nxe5 Qxe5 19. Nc5 Bc8 20. b3 Rd8 21. h3 g5 22. Rfd1 h6 23. Bf1 Bd7 24. Qd4 Qxd4 25. Rxd4 Bc6 26. Rxb4 Rd2 27. f3 Ra2 28. Nxa6 Be8 29. Nc7 R8xa5 30. Rb8 Kf8 31. Nxe8 Nxe8 32. Rcc8 Rb2 33. Rxe8+ Kg7 34. Rb7 Ra1 35. Ree7 Rbb1 36. Rxf7+ Kg6 37. Kh2 Rxf1 38. e5 Kh5 39. Kg3 Ra2 40. f4 Rff2 41. fxg5 Rxg2+ 42. Kf3 Rxg5 43. Rb5 Rh2 44. Rf6 Rxh3+ 45. Ke2 Rg2+ 46. Rf2 Rgg3 47. Rf6 Kg5 48. Kf2 Rc3 49. Kg2 Rhd3 50. Rb8 Rd2+ 51. Rf2 Rd4 1/2-1/2

[Event "Hilversum (m/1)"]
[Site "?"]
[Date "1987.??.??"]
[Round "?"]
[White "Timman, J."]
[Black "Ljubojevic, Lj"]
[Result "1-0"]
[WhiteElo "2630"]
[BlackElo "2625"]
[PlyCount "49"]
[EventDate "1987.??.??"]
[Source "ChessBase"]
[SourceDate "1987.07.01"]

1. d4 d5 2. c4 dxc4 3. Nf3 Nf6 4. Nc3 c6 5. e3 Be6 6. Ng5 Bd5 7. e4 h6 8. exd5 hxg5 9. dxc6 Nxc6 10. d5 Ne5 11. Bxg5 Qb6 12. Be3 Qxb2 13. Bd4 Nd3+ 14. Bxd3 cxd3 15. O-O Qb4 16. Qxd3 a6 17. Rfe1 Rc8 18. Bxf6 gxf6 19. Ne4 Kd8 20. d6 e6 21. Rab1 Qa5 22. Qd4 Bg7 23. Red1 Rh5 24. Qa7 Rb5 25. d7 1-0

[Event "Camp. asiatico 2007"]
[Site "CICC"]
[Date "2007.09.24"]
[Round "6.2"]
[White "Zhao, Jun"]
[Black "Zhang, Pengxiang"]
[Result "1/2-1/2"]
[WhiteElo "2558"]
[BlackElo "2649"]
[PlyCount "35"]
[EventDate "2007.09.19"]
[Source "www.chesslib.no"]
[SourceDate "2004.05.04"]

1. Nf3 d5 2. d4 c6 3. c4 dxc4 4. e3 Be6 5. Nc3 Nf6 6. Be2 Bd5 7. Qc2 Bxf3 8. gxf3 e6 9. Bxc4 Be7 10. f4 Nbd7 11. Bd2 Rc8 12. f5 e5 13. dxe5 Nxe5 14. Be2 c5 15. O-O-O O-O 16. f4 Nc6 17. Kb1 Nb4 18. Qb3 1/2-1/2

[Event "Biel"]
[Site "Biel"]
[Date "1995.??.??"]
[Round "6"]
[White "Zvjaginsev, Vadim"]
[Black "Adianto, Utut"]
[Result "1/2-1/2"]
[WhiteElo "2600"]
[BlackElo "2590"]
[PlyCount "71"]
[EventDate "1995.07.??"]
[Source "ChessBase"]

1. d4 d5 2. c4 dxc4 3. Nf3 Nf6 4. e3 a6 5. Bxc4 b5 6. Bb3 Bb7 7. O-O e6 8. Nc3 c5 9. e4 cxd4 10. Nxd4 Nc6 11. Nxc6 Qxd1 12. Rxd1 Bxc6 13. f3 Bc5+ 14. Kf1 h6 15. Bf4 O-O 16. Ne2 Rfc8 17. Rac1 Ba7 18. Be5 Be8 19. Rc7 Rxc7 20. Bxc7 Nd7 21. Ba5 Nc5 22. Bc2 Nb7 23. Bc3 Rc8 24. Bb1 a5 25. g3 Bb8 26. a3 Bd6 27. b4 axb4 28. Bxb4 Bxb4 29. axb4 g5 30. Rc1 Rxc1+ 31. Nxc1 Nd6 32. Ba2 Kf8 33. Nd3 Ke7 34. Kf2 f6 35. e5 Nf5 36. exf6+ 1/2-1/2

[Event "II Campionato Italiano Lampo Online"]
[Site "playchess.com"]
[Date "2007.12.23"]
[Round "1.7"]
[White "Rombaldoni, Denis"]
[Black "Godena, Michele"]
[Result "0-1"]
[WhiteElo "2576"]
[BlackElo "2599"]
[PlyCount "148"]
[EventDate "2007.12.23"]
[Source "www.chesslib.no"]
[SourceDate "2004.05.04"]

1. d4 Nf6 2. Nf3 d5 3. c4 dxc4 4. e3 a6 5. Bxc4 b5 6. Bb3 Bb7 7. Nc3 e6 8. O-O Nbd7 9. a4 b4 10. Nb1 Bd6 11. Nbd2 O-O 12. a5 e5 13. dxe5 Nxe5 14. Qe2 Nxf3+ 15. Nxf3 Ng4 16. h3 Bxf3 17. gxf3 Nh2 18. Rd1 Qg5+ 19. Kh1 Qh4 20. Kg2 Qg5+ 21. Kh1 Qh4 22. Kg2 Rad8 23. f4 Rfe8 24. Kxh2 Bxf4+ 25. Kg2 Rxd1 26. Qxd1 Bd6 27. Qg4 Qf6 28. Bc4 h5 29. Qxh5 Rd8 30. Bxa6 Re8 31. Bc4 Re5 32. Qxf7+ Qxf7 33. Bxf7+ Kxf7 34. a6 Re8 35. Bd2 Ra8 36. b3 Bc5 37. Ra4 Ke6 38. Kf3 Kd5 39. Ke2 Kc6 40. Bxb4 Bxb4 41. Rxb4 Rxa6 42. Rc4+ Kd6 43. h4 Ra2+ 44. Kf3 Rb2 45. b4 c6 46. Rg4 Kd5 47. Rg5+ Kd6 48. Rg6+ Kd5 49. Rxg7 Rxb4 50. Rg4 Rb1 51. Kg2 c5 52. h5 c4 53. h6 Rb7 54. Rd4+ Kc5 55. Kf3 Rh7 56. Rh4 Kb4 57. Ke2 Kb3 58. f4 c3 59. e4 c2 60. Rh1 Rxh6 61. Rxh6 c1=Q 62. Kf3 Qf1+ 63. Kg3 Qg1+ 64. Kf3 Qf1+ 65. Kg3 Qd3+ 66. Kg4 Qxe4 67. Rh3+ Kc4 68. Rf3 Qg6+ 69. Kh4 Qf5 70. Kg3 Kd4 71. Rf2 Ke3 72. Rf3+ Ke4 73. Rf1 Qg6+ 74. Kh3 Ke3 0-1

[Event "57th ch-RUS Qualifier"]
[Site "Tomsk"]
[Date "2004.05.28"]
[Round "6"]
[White "Korotylev, Alexey"]
[Black "Kharlov, Andrei"]
[Result "1-0"]
[WhiteElo "2565"]
[BlackElo "2593"]
[PlyCount "65"]
[EventDate "2004.05.23"]
[Source "Roberto Alvarez"]
[SourceDate "2004.05.31"]

1. d4 d5 2. c4 dxc4 3. Nf3 c6 4. e3 Be6 5. Nc3 Nf6 6. Ng5 Qd7 7. Be2 g6 8. e4 b5 9. O-O Bg7 10. e5 Nd5 11. Nce4 Bf5 12. Nc5 Qc8 13. g4 Bd7 14. a4 O-O 15. f4 c3 16. f5 cxb2 17. Bxb2 Bh6 18. Bc1 Nc3 19. Qd3 Nxe2+ 20. Qxe2 gxf5 21. e6 Bg7 22. gxf5 Be8 23. Ra3 Qd8 24. Rg3 Kh8 25. f6 Bxf6 26. Rxf6 Qxd4+ 27. Be3 Qxf6 28. Qd3 Qg7 29. Nxf7+ Rxf7 30. exf7 Qa1+ 31. Kg2 Qa2+ 32. Kg1 Qa1+ 33. Qf1 1-0

[Event "Biel Open"]
[Site "Biel SUI"]
[Date "1994.??.??"]
[Round "7"]
[White "Andersson, Ulf"]
[Black "Adianto, Utut"]
[Result "1/2-1/2"]
[WhiteElo "2620"]
[BlackElo "2535"]
[PlyCount "59"]
[EventDate "1994.07.??"]
[Source "www.chesslib.no"]
[SourceDate "2004.05.04"]

1. Nf3 d5 2. d4 Nf6 3. c4 dxc4 4. e3 a6 5. Bxc4 b5 6. Be2 Bb7 7. a4 b4 8. Nbd2 e6 9. O-O c5 10. Nc4 Nc6 11. a5 Be7 12. Nb6 Rb8 13. Qc2 cxd4 14. Nxd4 Nxd4 15. exd4 O-O 16. Bf4 Bd6 17. Bxd6 Qxd6 18. Qc5 Rfd8 19. Rfd1 Nd5 20. Qxd6 Rxd6 21. Na4 Bc6 22. Nc5 Bb5 23. Bf3 g6 24. Rac1 Kg7 25. g3 Ne7 26. h4 h6 27. Nb7 Rd7 28. Nc5 Rd6 29. Nb7 Rd7 30. Nc5 1/2-1/2

[Event "Politiken Cup"]
[Site "Copenhagen"]
[Date "2004.07.26"]
[Round "4"]
[White "Nielsen, Peter Heine"]
[Black "Rasmussen, Karsten"]
[Result "1/2-1/2"]
[WhiteElo "2652"]
[BlackElo "2470"]
[PlyCount "33"]
[EventDate "2004.07.24"]
[Source "Roberto Alvarez"]
[SourceDate "2004.08.10"]

1. d4 d5 2. c4 c6 3. Nf3 dxc4 4. e3 Be6 5. Nc3 Nf6 6. Ng5 Bg4 7. f3 Bh5 8. Bxc4 e6 9. e4 Be7 10. Be3 Nd5 11. exd5 exd5 12. Nxf7 Bxf7 13. Bd3 Nd7 14. Qc2 Nf8 15. O-O-O Bg6 16. Rhe1 Bxd3 17. Qxd3 1/2-1/2

[Event "New York Open"]
[Site "Newark, NJ USA"]
[Date "1995.??.??"]
[Round "?"]
[White "Gabriel, Christian"]
[Black "Adianto, Utut"]
[Result "0-1"]
[WhiteElo "2535"]
[BlackElo "2585"]
[PlyCount "62"]
[EventDate "1995.04.12"]
[Source "www.chesslib.no"]
[SourceDate "2004.05.04"]

1. d4 d5 2. c4 dxc4 3. Nf3 Nf6 4. e3 a6 5. Bxc4 b5 6. Be2 Bb7 7. a4 b4 8. b3 e6 9. Bb2 Nbd7 10. Nbd2 c5 11. O-O Be7 12. Nc4 O-O 13. Rc1 Rc8 14. Rc2 Qc7 15. dxc5 Be4 16. Rd2 Nxc5 17. Be5 Qb7 18. Nd6 Bxd6 19. Bxd6 Rfe8 20. Rd4 Bd5 21. Bc4 a5 22. Bxd5 Nxd5 23. Bxc5 Rxc5 24. e4 Nc3 25. Qd3 e5 26. Rd7 Qxe4 27. Re7 Rcc8 28. Qd7 Red8 29. Qa7 Qd5 30. Nxe5 Ne2+ 31. Kh1 Rc1 0-1

[Event "Open"]
[Site "New York op"]
[Date "1995.??.??"]
[Round "?"]
[White "Gabriel, Christian"]
[Black "Adianto, Utut"]
[Result "0-1"]
[WhiteElo "2535"]
[BlackElo "2585"]
[PlyCount "62"]
[EventDate "1995.??.??"]
[Source "www.chesslib.no"]
[SourceDate "2004.05.04"]

1. d4 d5 2. c4 dxc4 3. Nf3 Nf6 4. e3 a6 5. Bxc4 b5 6. Be2 Bb7 7. a4 b4 8. b3 e6 9. Bb2 Nbd7 10. Nbd2 c5 11. O-O Be7 12. Nc4 O-O 13. Rc1 Rc8 14. Rc2 Qc7 15. dxc5 Be4 16. Rd2 Nxc5 17. Be5 Qb7 18. Nd6 Bxd6 19. Bxd6 Rfe8 20. Rd4 Bd5 21. Bc4 a5 22. Rh4 Re7 23. Bxe7 Nd3 24. Bf8 Nc1 25. Qxc1 Kxf8 26. e4 Qa7 27. Re1 Rb8 28. Bf1 Ke8 29. Qc2 Nd7 30. Nd2 Qd4 31. g3 Qa1 0-1

[Event "76th ch-UKR Final"]
[Site "Kharkiv UKR"]
[Date "2007.11.23"]
[Round "7"]
[White "Romanishin, O."]
[Black "Zubov, A UKR."]
[Result "1/2-1/2"]
[WhiteElo "2547"]
[BlackElo "2556"]
[PlyCount "47"]
[EventDate "2007.11.17"]
[Source "www.chesslib.no"]
[SourceDate "2004.05.04"]

1. d4 d5 2. Nf3 Nf6 3. c4 c6 4. Nc3 dxc4 5. e3 Be6 6. Ng5 Qc8 7. Nxe6 Qxe6 8. a4 a5 9. Qe2 Qd6 10. Qxc4 Nbd7 11. Qb3 Qb4 12. Qa2 e6 13. Be2 Qb6 14. O-O Bb4 15. Qb3 O-O 16. Na2 Bd6 17. Qxb6 Nxb6 18. b3 e5 19. Bb2 e4 20. Bc3 Nfd5 21. Bd2 f5 22. Bc4 Kf7 23. Nc3 Ke7 24. Rfc1 1/2-1/2

[Event "EU-ch 1st 30'"]
[Site "Neum"]
[Date "2000.10.02"]
[Round "4"]
[White "Gofshtein, Leonid D"]
[Black "Lalic, Bogdan"]
[Result "1/2-1/2"]
[WhiteElo "2561"]
[BlackElo "2520"]
[PlyCount "34"]
[EventDate "2000.10.02"]
[Source "www.chesslib.no"]
[SourceDate "2004.05.04"]

1. d4 d5 2. c4 c6 3. Nf3 dxc4 4. e3 Be6 5. Nc3 Nf6 6. Ng5 Bd5 7. e4 h6 8. exd5 hxg5 9. dxc6 Nxc6 10. d5 Ne5 11. Bxg5 a6 12. Qd4 Qd6 13. Bxc4 Nxc4 14. Qxc4 Rxh2 15. Rxh2 Qxh2 16. O-O-O Qd6 17. Bf4 Qd7 1/2-1/2

[Event "Skopje op 18th"]
[Site "Skopje"]
[Date "2002.01.17"]
[Round "3"]
[White "Graf, Alexander"]
[Black "Jacimovic, Dragoljub"]
[Result "1-0"]
[WhiteElo "2605"]
[BlackElo "2472"]
[PlyCount "58"]
[EventDate "2002.01.15"]
[Source "ChessBase"]
[SourceDate "2002.03.21"]

1. d4 d5 2. c4 dxc4 3. Nf3 c6 4. e3 Be6 5. Nc3 Nf6 6. Ng5 Bd5 7. e4 h6 8. exd5 hxg5 9. dxc6 Nxc6 10. d5 Ne5 11. Bxg5 Qb6 12. Bxc4 Qxb2 13. Bb5+ Kd8 14. Bd2 Ne4 15. Nxe4 Qxb5 16. Qe2 Qxe2+ 17. Kxe2 Rh5 18. Rac1 Rc8 19. Ng5 Nc4 20. g4 Rxg5 21. Bxg5 Kd7 22. Rb1 b6 23. Rhc1 Kd6 24. Kd3 Ne5+ 25. Ke4 Rc4+ 26. Rxc4 Nxc4 27. Kd4 Na3 28. Bf4+ Kd7 29. Rb3 e6 1-0

[Event "Jack Collins Int f-A"]
[Site "New York"]
[Date "2000.06.20"]
[Round "2"]
[White "Gustafsson, Jan"]
[Black "Serper, Grigory"]
[Result "1/2-1/2"]
[WhiteElo "2484"]
[BlackElo "2587"]
[PlyCount "46"]
[EventDate "2000.06.19"]
[Source "ChessBase"]
[SourceDate "2000.07.11"]

1. d4 d5 2. c4 dxc4 3. Nf3 Nf6 4. e3 a6 5. Bxc4 b5 6. Bd3 Bb7 7. O-O e6 8. Qe2 Nbd7 9. a4 b4 10. Nbd2 c5 11. Nc4 Be7 12. Rd1 O-O 13. Bd2 a5 14. Rac1 Qb8 15. h3 Rd8 16. b3 Qa7 17. Nce5 Nxe5 18. dxe5 Nd7 19. e4 Rac8 20. Bf4 Qb8 21. Bb5 Nb6 22. Nd2 Qc7 23. Rc2 Qb8 1/2-1/2

[Event "Liechtenstein Open"]
[Site "Liechtenstein"]
[Date "1993.??.??"]
[Round "9"]
[White "Baburin, Alexander E"]
[Black "Adianto, Utut"]
[Result "0-1"]
[WhiteElo "2550"]
[BlackElo "2510"]
[PlyCount "48"]
[EventDate "1993.??.??"]
[Source "www.chesslib.no"]
[SourceDate "2004.05.04"]

1. d4 d5 2. c4 dxc4 3. Nf3 Nf6 4. e3 a6 5. Bxc4 b5 6. Bd3 Bb7 7. O-O e6 8. a4 b4 9. Nbd2 Nbd7 10. Nb3 c5 11. dxc5 Nxc5 12. Nxc5 Bxc5 13. Qc2 Rc8 14. Qe2 Qb6 15. e4 h6 16. a5 Qa7 17. Nd2 Qa8 18. Kh1 h5 19. f3 h4 20. Nc4 Nh5 21. Be3 Ng3+ 22. hxg3 hxg3+ 23. Kg1 Ke7 24. Qe1 Rh1+ 0-1

[Event "It (open)"]
[Site "Biel (Switzerland)"]
[Date "2007.07.30"]
[Round "7"]
[White "Zoler Dan (ISR)"]
[Black "Golod Vitali (ISR)"]
[Result "1/2-1/2"]
[WhiteElo "2465"]
[BlackElo "2589"]
[PlyCount "89"]
[EventDate "2007.??.??"]
[Source "www.chesslib.no"]
[SourceDate "2004.05.04"]

1. d4 d5 2. c4 dxc4 3. Nf3 c6 4. e3 Be6 5. Nc3 Nf6 6. Ng5 Bg4 7. f3 Bd7 8. Bxc4 e6 9. e4 b5 10. Bb3 h6 11. Nh3 c5 12. dxc5 Na6 13. e5 b4 14. Na4 Nd5 15. Nf2 Qa5 16. O-O Nxc5 17. Nxc5 Bxc5 18. Bxd5 exd5 19. Kh1 Rd8 20. Nd3 Be7 21. Be3 d4 22. Bf2 O-O 23. Qe2 Bf5 24. Rfd1 Rfe8 25. Nc1 d3 26. Nxd3 b3 27. a3 Qb5 28. Nf4 Qxe2 29. Nxe2 Rxd1+ 30. Rxd1 Bxa3 31. bxa3 b2 32. Nc3 Rc8 33. Bd4 Rc4 34. Rd2 Rxc3 35. Rxb2 Rxa3 36. Rb8+ Kh7 37. Rb7 Rd3 38. Bxa7 Rd7 39. Rxd7 Bxd7 40. g4 h5 41. h3 hxg4 42. hxg4 g5 43. Bb6 Kg6 44. Bd8 Be6 45. Kg2 1/2-1/2

[Event "Florida"]
[Site "?"]
[Date "2004.??.??"]
[Round "?"]
[White "Goldin, A."]
[Black "Gonzalez, Ren"]
[Result "1/2-1/2"]
[WhiteElo "2620"]
[BlackElo "2425"]
[PlyCount "62"]
[EventDate "2004.??.??"]
[Source "Chess Informant"]
[SourceDate "2004.10.01"]

1. d4 d5 2. c4 c6 3. Nf3 dxc4 4. e3 Be6 5. Nc3 Nf6 6. Ng5 Bg4 7. f3 Bd7 8. Bxc4 e6 9. O-O Be7 10. f4 O-O 11. Nce4 Nxe4 12. Nxe4 Be8 13. Bd2 Nd7 14. Rc1 c5 15. Bc3 Nb6 16. Bb3 c4 17. Bc2 Nd5 18. Qd2 b5 19. Nc5 a5 20. a3 Nxc3 21. Qxc3 Qb6 22. b4 cxb3 23. Bxb3 Rc8 24. Rf2 Bc6 25. Qd3 Rfd8 26. Rfc2 Be8 27. Nxe6 Rxc2 28. Bxc2 fxe6 29. Qxh7+ Kf8 30. Qh8+ Kf7 31. Qh5+ Kf8 1/2-1/2

[Event "Sochi"]
[Site "Sochi RUS"]
[Date "1988.??.??"]
[Round "?"]
[White "Vaisser, Anatoli V"]
[Black "Drasko, Milan"]
[Result "1/2-1/2"]
[WhiteElo "2530"]
[BlackElo "2510"]
[PlyCount "30"]
[EventDate "1988.09.??"]
[Source "www.chesslib.no"]
[SourceDate "2004.05.04"]

1. d4 d5 2. c4 dxc4 3. Nf3 Nf6 4. e3 c5 5. Bxc4 cxd4 6. exd4 e6 7. O-O Nc6 8. Qe2 Qc7 9. Nc3 a6 10. Rd1 Bd6 11. h3 h6 12. b3 b6 13. Bb2 O-O 14. d5 exd5 15. Bxd5 Bb7 1/2-1/2

[Event "Dos Hermanas"]
[Site "?"]
[Date "1992.??.??"]
[Round "?"]
[White "Oll, L."]
[Black "Bellon Lopez, J."]
[Result "1-0"]
[WhiteElo "2600"]
[BlackElo "2435"]
[PlyCount "75"]
[EventDate "1992.??.??"]
[Source "ChessBase"]
[SourceDate "1992.02.01"]

1. d4 d5 2. c4 dxc4 3. Nf3 Nf6 4. e3 Nbd7 5. Bxc4 Nb6 6. Bb3 c6 7. Nc3 Nbd5 8. h3 Bf5 9. Qe2 e6 10. Ne5 Bb4 11. Bd2 Qa5 12. O-O Nxc3 13. bxc3 Bxc3 14. Nc4 Qb4 15. Bxc3 Qxc3 16. Nd6+ Kf8 17. Nxb7 Bd3 18. Qe1 Ne4 19. Qxc3 Nxc3 20. Rfe1 a5 21. Nc5 Bg6 22. Rac1 Nd5 23. Nd7+ Ke7 24. Ne5 Nb4 25. e4 a4 26. Bc4 f6 27. Nxg6+ hxg6 28. d5 cxd5 29. exd5 e5 30. a3 Na6 31. Bd3 Rhd8 32. f4 e4 33. Rxe4+ Kf8 34. Rxa4 Nc7 35. Rxa8 Nxa8 36. Bxg6 Nb6 37. Be4 Ra8 38. Rc6 1-0

[Event "Pamplona op.-1998"]
[Site "Pamplona"]
[Date "1999.??.??"]
[Round "7"]
[White "Rustemov, A."]
[Black "Narciso, M."]
[Result "1-0"]
[WhiteElo "2570"]
[BlackElo "2460"]
[PlyCount "67"]
[EventDate "1999.??.??"]
[Source "www.chesslib.no"]
[SourceDate "2004.05.04"]

1. d4 d5 2. Nf3 Nf6 3. c4 dxc4 4. e3 a6 5. Bxc4 b5 6. Bb3 Bb7 7. O-O e6 8. a4 Nbd7 9. Qe2 b4 10. Nbd2 c5 11. e4 cxd4 12. e5 Nd5 13. Ne4 Qa5 14. h4 h6 15. Nxd4 Nxe5 16. Ng3 Bd6 17. Ngf5 exf5 18. Nxf5 Bc7 19. f4 g6 20. Ng3 Qc5+ 21. Rf2 Qe7 22. fxe5 Bb6 23. Bxd5 Bxf2+ 24. Qxf2 Bxd5 25. Qf4 Qc5+ 26. Be3 Qc2 27. Bf2 Qxb2 28. Rd1 Qb3 29. Rc1 Bb7 30. Rc7 O-O 31. Rxb7 Qxa4 32. Ne4 Qc6 33. Rxb4 Rfb8 34. Qxh6 1-0

[Event "Beijing Open"]
[Site "Beijing CHN"]
[Date "1991.??.??"]
[Round "7"]
[White "Novikov, Igor A"]
[Black "Ardiansyah, Haji"]
[Result "0-1"]
[WhiteElo "2545"]
[BlackElo "2465"]
[PlyCount "80"]
[EventDate "1991.03.??"]
[Source "www.chesslib.no"]
[SourceDate "2004.05.04"]

1. d4 d5 2. c4 dxc4 3. Nf3 Nf6 4. e3 a6 5. Bxc4 b5 6. Bd3 Bb7 7. a4 b4 8. O-O e6 9. Qe2 c5 10. dxc5 Bxc5 11. e4 Nbd7 12. Nbd2 Qc7 13. e5 Nd5 14. Nc4 Be7 15. Bg5 Nc5 16. Rac1 O-O 17. Bb1 Nc3 18. bxc3 Bxf3 19. Qxf3 Bxg5 20. Rcd1 Nxa4 21. Qd3 g6 22. cxb4 Rab8 23. Qb3 Nb6 24. Nxb6 Rxb6 25. Rd6 Rxd6 26. exd6 Qxd6 27. Bd3 Rb8 28. Rb1 a5 29. b5 a4 30. Qc2 a3 31. Bf1 Bf6 32. Bc4 Qc5 33. Qa4 Bd4 34. Rf1 Kg7 35. g3 Rb7 36. Qb3 Ra7 37. Qa2 Ra4 38. Bd3 Qc3 39. Rd1 Qb2 40. Qxb2 Bxb2 0-1

[Event "Deutschland"]
[Site "?"]
[Date "2005.01.30"]
[Round "6.2"]
[White "Kruppa Yuri"]
[Black "Murdzia Piotr"]
[Result "1/2-1/2"]
[WhiteElo "2547"]
[BlackElo "2454"]
[PlyCount "39"]
[EventDate "2005.??.??"]
[Source "www.chesslib.no"]
[SourceDate "2004.05.04"]

1. d4 d5 2. c4 dxc4 3. Nf3 Nf6 4. e3 a6 5. Bxc4 b5 6. Be2 Bb7 7. a4 b4 8. Nbd2 e6 9. O-O Nbd7 10. a5 Be7 11. Nc4 O-O 12. Bd2 c5 13. Qa4 Rb8 14. Rfc1 Qc7 15. Qd1 Rfc8 16. Bd3 Be4 17. Be2 Qa7 18. Be1 Qa8 19. Ncd2 Bb7 20. Bf1 1/2-1/2

[Event "ROM Team Ch"]
[Site "Romania"]
[Date "1994.??.??"]
[Round "?"]
[White "Atalik, Suat"]
[Black "Varga, Zoltan"]
[Result "0-1"]
[WhiteElo "2530"]
[BlackElo "2470"]
[PlyCount "86"]
[EventDate "1994.??.??"]
[Source "www.chesslib.no"]
[SourceDate "2004.05.04"]

1. d4 d5 2. c4 c6 3. Nc3 dxc4 4. e3 Be6 5. Nf3 Nf6 6. Ng5 Bd5 7. e4 h6 8. exd5 hxg5 9. dxc6 Nxc6 10. d5 Ne5 11. Bxg5 Qc7 12. Qd4 e6 13. O-O-O Nxd5 14. Nxd5 exd5 15. Re1 f6 16. Qxd5 Qd7 17. Rxe5+ fxe5 18. Qxe5+ Be7 19. Bxc4 Rc8 20. b3 Rc5 21. Qb8+ Rc8 22. Qf4 Rf8 23. Qe4 Rf7 24. Kb1 Rxc4 25. bxc4 Qd6 26. f4 Qb4+ 27. Kc2 Qa4+ 28. Kd3 Qa3+ 29. Ke2 Kf8 30. h4 Bf6 31. Rh3 Qxa2+ 32. Kf3 Re7 33. Qd3 Qa1 34. Kg4 Qg1 35. Rg3 a5 36. Qd8+ Re8 37. Qd6+ Kf7 38. Qd5+ Kf8 39. Rb3 b6 40. Rxb6 Qxb6 41. c5 Qc7 42. f5 Qe5 43. Qd7 Qd4+ 0-1

[Event "Lost Boys op"]
[Site "Antwerp"]
[Date "1999.08.02"]
[Round "4"]
[White "Savchenko, Stanislav"]
[Black "Rabinovich, Alexander"]
[Result "1-0"]
[WhiteElo "2583"]
[BlackElo "2413"]
[PlyCount "89"]
[EventDate "1999.07.30"]
[Source "www.chesslib.no"]
[SourceDate "2004.05.04"]

1. d4 d5 2. c4 dxc4 3. Nf3 Nf6 4. e3 b5 5. a4 b4 6. Bxc4 e6 7. O-O Bb7 8. Nbd2 Be7 9. b3 O-O 10. Bb2 Nbd7 11. Qe2 c5 12. Rfd1 Qa5 13. Rac1 Rfd8 14. Bb5 a6 15. Bd3 cxd4 16. Bxd4 Rac8 17. Nc4 Qh5 18. Nfe5 Qxe2 19. Bxe2 Nxe5 20. Bxe5 Nd7 21. Bd6 Kf8 22. Na5 Bd5 23. Bc7 Re8 24. Bxa6 Ra8 25. Bb5 Nc5 26. Bxe8 Kxe8 27. f3 Nxb3 28. Nxb3 Bxb3 29. Rd4 Ba2 30. Rd2 Rxa4 31. Bd6 Bxd6 32. Rxd6 b3 33. Rb6 Ke7 34. Kf2 Ra7 35. Ke2 Kd7 36. Rc5 Ke7 37. Rcb5 Kf6 38. Rb7 Ra8 39. Rc5 Kg6 40. g4 h6 41. h4 Kh7 42. Rcc7 e5 43. Kd2 e4 44. f4 h5 45. g5 1-0

[Event "SUI Ch Open"]
[Site "Lucerne SUI"]
[Date "1994.??.??"]
[Round "?"]
[White "Kelecevic, Nedeljko"]
[Black "Adianto, Utut"]
[Result "0-1"]
[WhiteElo "2455"]
[BlackElo "2535"]
[PlyCount "118"]
[EventDate "1994.??.??"]
[Source "www.chesslib.no"]
[SourceDate "2004.05.04"]

1. d4 d5 2. Nf3 Nf6 3. c4 dxc4 4. e3 a6 5. Bxc4 b5 6. Bd3 Bb7 7. a3 e6 8. b4 Nbd7 9. Bb2 Bd6 10. Nbd2 Qe7 11. O-O Rd8 12. Qc2 O-O 13. Ne4 Bxe4 14. Bxe4 Nxe4 15. Qxe4 Nb6 16. Qc2 f5 17. Bc1 Qe8 18. e4 Nc4 19. Bg5 Be7 20. a4 h6 21. axb5 axb5 22. Bc1 Bxb4 23. Rb1 Qe7 24. exf5 Rxf5 25. Qe4 Rdd5 26. Rxb4 Qxb4 27. Qxe6+ Kh7 28. Bf4 Qf8 29. Qe4 Nd6 30. Bxd6 Qxd6 31. Re1 Qf4 32. Qb1 Kg8 33. Qa2 Qd6 34. Nh4 Rf6 35. Re8+ Rf8 36. Re5 c6 37. Nf5 Rxf5 38. Rxf5 Qe6 39. g4 Qe1+ 40. Kg2 Qe4+ 41. f3 Qxd4 42. Qa8+ Rd8 43. Qxc6 Qb2+ 44. Kh3 Rd2 45. Qe6+ Kh7 46. Qe5 Qb1 47. Rf7 Qf1+ 48. Kh4 Qf2+ 49. Kh3 Qg2+ 50. Kh4 Qxh2+ 51. Qxh2 Rxh2+ 52. Kg3 Rb2 53. Rb7 b4 54. f4 b3 55. f5 Kg8 56. g5 hxg5 57. Kg4 Rb1 58. Kh5 Kh7 59. f6 b2 0-1

[Event "Palma de Mallorca (GMA)"]
[Site "?"]
[Date "1989.??.??"]
[Round "?"]
[White "Akopian, V."]
[Black "Kirov, N."]
[Result "1-0"]
[WhiteElo "2525"]
[BlackElo "2460"]
[PlyCount "83"]
[EventDate "1989.??.??"]
[Source "ChessBase"]
[SourceDate "1990.01.01"]

1. d4 d5 2. Nf3 c6 3. c4 Nf6 4. Nc3 dxc4 5. e3 Be6 6. Ng5 Bd5 7. e4 h6 8. exd5 hxg5 9. dxc6 Nxc6 10. d5 Ne5 11. Qd4 Nfd7 12. Bxg5 f6 13. Be3 g5 14. Be2 Bg7 15. f4 gxf4 16. Qxf4 Qc7 17. Rd1 O-O-O 18. Qd4 a6 19. d6 exd6 20. Ne4 Nc5 21. Nxd6+ Rxd6 22. Qxd6 Ncd3+ 23. Bxd3 Qxd6 24. Bf5+ Kc7 25. Rxd6 Kxd6 26. Ke2 Bh6 27. Rd1+ Kc7 28. Bf2 Bf8 29. h4 b5 30. g4 Bd6 31. h5 Nf7 32. Be3 Re8 33. Kf2 Bg3+ 34. Kf3 Bd6 35. Bd4 Ne5+ 36. Kf2 Rg8 37. Rg1 Kd8 38. h6 Ke7 39. h7 Rh8 40. g5 fxg5 41. Rxg5 Rf8 42. Rg7+ 1-0

[Event "Makati op"]
[Site "Manila"]
[Date "1995.??.??"]
[Round "5"]
[White "Chiong, Luiz"]
[Black "Adianto, Utut"]
[Result "1/2-1/2"]
[WhiteElo "2390"]
[BlackElo "2590"]
[PlyCount "120"]
[EventDate "1995.11.??"]
[Source "ChessBase"]

1. d4 d5 2. c4 dxc4 3. Nf3 Nf6 4. e3 a6 5. Bxc4 b5 6. Bd3 Bb7 7. O-O e6 8. Qe2 Nbd7 9. Rd1 c5 10. dxc5 Bxc5 11. a3 O-O 12. b4 Bb6 13. Bb2 Qe7 14. Nbd2 Rfd8 15. Rac1 h6 16. Nb3 Rac8 17. h3 Ne4 18. Nfd2 Rxc1 19. Rxc1 Nxd2 20. Nxd2 Nf6 21. Bb1 Bd5 22. e4 Bb7 23. Nb3 e5 24. Nc5 Bxc5 25. Rxc5 Qd6 26. Kh2 Qd1 27. Qxd1 Rxd1 28. Bc2 Rd2 29. f3 Kh7 30. Rc7 Ne8 31. Rxb7 Nd6 32. Rd7 Rxc2 33. Rxd6 Rxb2 34. Rxa6 f6 35. h4 h5 36. Ra5 Ra2 37. Kh3 Kg6 38. Rxb5 Rxa3 39. Rb8 Rb3 40. b5 Kh7 41. b6 g6 42. Kg3 Rb2 43. Kh3 Kg7 44. g4 Rb3 45. gxh5 gxh5 46. Kg3 Rb2 47. b7 Rb3 48. Kf2 Rb2+ 49. Ke3 Rb3+ 50. Kd2 Rb2+ 51. Kc3 Rb1 52. Kc4 Rb2 53. Kd5 Rb1 54. Kc6 Rc1+ 55. Kd6 Rd1+ 56. Ke6 Rb1 57. Rd8 Rb6+ 58. Rd6 Rxb7 59. Rd7+ Rxd7 60. Kxd7 Kh7 1/2-1/2